|
|
|
|
| LEADER |
00000nam0a2200000 4500 |
| 001 |
52850 |
| 005 |
20231101211405.0 |
| 035 |
|
|
|a (RuTPU)RU\TPU\book\55400
|
| 090 |
|
|
|a 52850
|
| 100 |
|
|
|a 20030606d1981 m y0rusy50 ca
|
| 101 |
0 |
|
|a rus
|
| 102 |
|
|
|a RU
|
| 105 |
|
|
|a a j 000zy
|
| 200 |
1 |
|
|a Пособие по физике
|e учебное пособие
|f С. П. Мясников, Т. Н. Осанова
|
| 205 |
|
|
|a 4-е изд., перераб. и доп.
|
| 210 |
|
|
|a Москва
|c Высшая школа
|d 1981
|
| 215 |
|
|
|a 391 с.
|c ил.
|
| 606 |
|
|
|a Физика
|2 stltpush
|3 (RuTPU)RU\TPU\subj\63709
|9 80688
|
| 610 |
1 |
|
|a механика
|
| 610 |
1 |
|
|a молекулярная физика
|
| 610 |
1 |
|
|a термодинамика
|
| 610 |
1 |
|
|a электричество
|
| 610 |
1 |
|
|a оптика
|
| 610 |
1 |
|
|a колебания
|
| 610 |
1 |
|
|a волны
|
| 610 |
1 |
|
|a атомы
|
| 610 |
1 |
|
|a атомное ядро
|
| 610 |
1 |
|
|a строение
|
| 610 |
1 |
|
|a учебные пособия
|
| 610 |
1 |
|
|a пособия для поступающих
|
| 610 |
1 |
|
|a пособия для абитуриентов
|
| 675 |
|
|
|a 53(075.4)
|v 3
|
| 700 |
|
1 |
|a Мясников
|b С. П.
|g Станислав Петрович
|
| 701 |
|
1 |
|a Осанова
|b Т. Н.
|g Татьяна Николаевна
|
| 801 |
|
1 |
|a RU
|b 63413507
|c 20030606
|g PSBO
|
| 801 |
|
2 |
|a RU
|b 63413507
|c 20140423
|g PSBO
|
| 942 |
|
|
|c BK
|